| 000 | 00356nam a2200133Ia 4500 | ||
|---|---|---|---|
| 005 | 20260328101520.0 | ||
| 008 | 260328s9999||||xx |||||||||||||| ||und|| | ||
| 100 | _aBoza Díaz, Cristián | ||
| 245 | 0 |
_aSantiago : _b Estilos y Ornamento / _cCristián Boza Díaz |
|
| 260 | _bMontt-Palumbo | ||
| 300 | _a167 p. | ||
| 650 | _aARQUITECTURA REGIONAL | ||
| 942 | _cBK | ||
| 999 |
_c9536 _d9536 |
||